Library Classification (Record no. 1920)

MARC details
000 -LEADER
fixed length control field 00295nam a22001337a 4500
001 - CONTROL NUMBER
control field 1920
003 - CONTROL NUMBER IDENTIFIER
control field OSt
005 - DATE AND TIME OF LATEST TRANSACTION
control field 20260408124155.0
008 - FIXED-LENGTH DATA ELEMENTS--GENERAL INFORMATION
fixed length control field 260408b |||||||| |||| 00| 0 eng d
040 ## - CATALOGING SOURCE
Transcribing agency 599Rs
100 ## - MAIN ENTRY--PERSONAL NAME
Personal name Ranganathan,S.R
245 ## - TITLE STATEMENT
Title Library Classification
942 ## - ADDED ENTRY ELEMENTS (KOHA)
Source of classification or shelving scheme Dewey Decimal Classification
Koha item type BOOKS
Edition 2nd
Suppress in OPAC No
Holdings
Withdrawn status Lost status Source of classification or shelving scheme Damaged status Not for loan Home library Current library Date acquired Total checkouts Date last seen Price effective from Koha item type
    Dewey Decimal Classification     Centerville Centerville 08/04/2026   08/04/2026 08/04/2026 BOOKS
    Dewey Decimal Classification     Centerville Centerville 08/04/2026   08/04/2026 08/04/2026 BOOKS
    Dewey Decimal Classification     Centerville Centerville 08/04/2026   08/04/2026 08/04/2026 BOOKS